[Event "Top 12 FRA-chT 2017"]
[Site "Chartres"]
[Date "2017.05.18"]
[Round "1"]
[White "Bollengier, Andreea"]
[Black "Dacalor, Aurelie"]
[Result "1-0"]
[WhiteElo "2234"]
[BlackElo "1997"]
[Annotator "TA"]
[PlyCount "43"]
[EventDate "2017.??.??"]
[EventType "team-tourn"]
[EventCountry "FRA"]
[SourceTitle "playchess.com"]
[Source "ChessBase"]
[SourceQuality "1"]
[WhiteTeam "Nice Alekhine"]
[BlackTeam "Bois-Colombes"]

{[%evp 9,43,19,56,61,102,102,102,94,129,129,151,154,145,135,147,90,92,67,68,66,93,92,91,83,202,179,176,196,237,240,237,225,238,195,331,324]} 1. e4 e5 2. Nf3 Nc6 3. Bb5 Nf6 4. Qe2 Be7 5. O-O O-O {LiveBook: 3 Games} 6. Bxc6 {C65: Ruy Lopez: Berlin Defence (3...Nf6), unusual lines and 4 0-0 Bc5} dxc6 7. Nxe5 Re8 8. d3 {White is better.} c5 $146 ({Predecessor:} 8... Bc5 9. Nf3 Bg4 10. Be3 Bd6 11. Nbd2 b5 12. h3 Bh5 13. a4 {1-0 (50) Anand,V (2715)-Polgar,Z (2550) Monte Carlo 1994}) 9. Nc3 c6 10. f4 Bd6 11. Nc4 {[%cal Be5c4,Bc4e3,Be3d5,Bd5c7][%mdl 32]} Bc7 12. Kh1 (12. Ne3 $142) 12... Nd5 $16 13. Qf2 Nxc3 14. bxc3 b6 15. Ne3 b5 16. c4 Ba6 (16... Qd4 $16 {might work better.} 17. Rb1 bxc4) 17. cxb5 cxb5 18. Bb2 {[#] Strongly threatening Qg3.} Bc8 19. Nd5 $40 {[%mdl 128] Black must now prevent Qg3. White wants a kill.} Kh8 20. Qxc5 Bd6 21. Qc3 {[%csl Gb2][%cal Rc3g7]} ({Resist} 21. Qxb5 $6 Rb8 $16) 21... Bf8 (21... f6 $142 22. a4 bxa4) 22. Nc7 {Precision: White = 79%, Black = 54%.} 1-0

[Event "Top 12 FRA-chT 2017"]
[Site "Chartres"]
[Date "2017.05.18"]
[Round "1"]
[White "Le Borgne, Pierre"]
[Black "Sharif, Mehrshad"]
[Result "0-1"]
[WhiteElo "2234"]
[BlackElo "2363"]
[Annotator "TA"]
[PlyCount "78"]
[EventDate "2017.??.??"]
[EventType "team-tourn"]
[EventCountry "FRA"]
[SourceTitle "playchess.com"]
[Source "ChessBase"]
[SourceQuality "1"]
[WhiteTeam "Lisieux"]
[BlackTeam "Strasbourg"]

{[%evp 19,78,17,17,17,23,14,18,0,0,-16,-7,-18,-21,-28,-19,-19,-15,-20,-20,-28,-16,-26,-20,-33,-42,-34,-41,-56,-61,-106,-100,-85,-113,-136,-121,-106,-77,-101,-55,-187,-181,-216,-221,-282,-277,-382,-360,-850,-827,-1735,-1692,-949,-840,-29990,-29991,-29991,-29992,-29994,-29995,-29995,-29996]} 1. e4 e6 2. d4 d5 3. Nc3 {[%cal Bb1c3,Bc3e2,Be2f4][%mdl 32]} Nf6 4. e5 Nfd7 5. Nce2 c5 6. c3 Nc6 7. Nf3 cxd4 8. cxd4 f6 9. Nf4 Bb4+ 10. Bd2 {C11: French: Classical System: 4 e5 and 4 Bg5 dxe4} Qe7 {[%cal Rf6e5] LiveBook: 14 Games} 11. Nd3 (11. Bxb4 Nxb4 12. g3 fxe5 13. dxe5 g5 14. Nd3 O-O 15. Be2 g4 16. Nd4 Nxd3+ 17. Qxd3 Nxe5 {0-1 (29) Zhou,Y (2470)-Hawkins,J (2590) London 2016}) 11... Bxd2+ 12. Qxd2 {White has an edge.} fxe5 13. Ndxe5 Ndxe5 14. dxe5 O-O 15. Bb5 Bd7 $146 ({Predecessor:} 15... Rf5 16. Bd3 Rh5 17. Qf4 Bd7 {0-1 (40) Beresovskaya,S (1805)-Leib,B (2030) Weilburg 1999}) 16. Bxc6 bxc6 17. O-O a5 18. Rac1 c5 19. Rc2 Rfc8 20. Rfc1 a4 21. Qe3 {[%cal Rc2c5]} Ra5 22. Qa3 Qf8 23. Qe3 Rb5 24. Nd2 Be8 $1 {[%cal Bd7e8,Be8g6,Bg6f5,Bf5e4][%mdl 32] White must now prevent ...Bg6.} 25. Qh3 Qe7 {Strongly threatening ...Bg6.} 26. b3 {[#]} Bg6 $1 {[%cal Rg6c2]} 27. Rc3 Bf5 $36 {[%mdl 2048] Keeping White busy.} 28. Qg3 Ra8 29. Nf3 ({White should play} 29. b4 $15) 29... axb3 30. Rxb3 Rba5 31. Nh4 {[#]} Be4 $1 ({Not} 31... Rxa2 32. Nxf5 exf5 33. e6 $17) 32. f3 c4 33. Rb6 $2 (33. Re3 Bd3 34. Ree1) 33... Rxa2 $19 34. Rd6 Qa7+ 35. Kh1 Qe3 36. Rg1 Ra1 {[%csl Ge3][%cal Ra1g1] Black mates.} 37. Rd8+ Kf7 {[%csl Ge3][%cal Ra1g1,Bg8f7,Bf7e8,Be8d8][%mdl 32]} 38. Rd7+ Ke8 {[%csl Ge3][%cal Ra1g1]} 39. Re7+ Kd8 {Precision: White = 29%, Black = 91%.} 0-1

[Event "Top 12 FRA-chT 2017"]
[Site "Chartres"]
[Date "2017.05.18"]
[Round "1"]
[White "Frih, Ameur"]
[Black "Babault, Patrice"]
[Result "1-0"]
[WhiteElo "2225"]
[BlackElo "2411"]
[Annotator "TA"]
[PlyCount "159"]
[EventDate "2017.??.??"]
[EventType "team-tourn"]
[EventCountry "FRA"]
[SourceTitle "playchess.com"]
[Source "ChessBase"]
[SourceQuality "1"]
[WhiteTeam "Bois-Colombes"]
[BlackTeam "Nice Alekhine"]

{[%evp 12,159,0,0,0,0,0,0,0,0,0,0,0,-27,-22,-20,-7,-3,-5,-81,-45,-74,-77,-81,-72,-89,-53,-47,-53,-37,-61,-61,-40,-70,-69,-69,-59,-59,-65,-99,-60,-60,-58,-69,-69,-71,-54,-58,-57,-123,-59,-66,-38,-62,-44,-69,-73,-135,-79,-79,-79,-85,-67,-170,-170,-167,-157,-167,-160,-154,83,111,81,84,118,84,140,142,241,254,229,229,171,77,128,114,138,142,130,0,0,-204,-183,-175,0,0,0,0,132,132,132,132,132,132,132,132,967,942,1026,1022,916,508,1010,970,857,329,263,0,0,0,0,0,908,847,863,826,782,770,539,479,439,412,768,688,1014,464,12837,12838,12838,12839,12840,12839,12850,12850,12850,27999,27996,27997,27999,27999]} 1. e4 c6 2. Nf3 d5 3. Nc3 Nf6 4. e5 Ne4 5. Bd3 (5. Ne2 Qb6 6. d4 e6 7. Ng3 c5 8. Bd3 Nc6 9. Nxe4 dxe4 10. Bxe4 cxd4 11. O-O Bd7 12. a3 h6 13. Re1 {1-0 (71) Short,N (2675)-Caruana,F (2827) Caleta 2017}) 5... Nc5 6. Bf1 {B11: Caro-Kann: Two Knights Variation} d4 7. Ne2 {LiveBook: 3 Games} Ne6 $146 ({Predecessor:} 7... d3 8. Nf4 Bf5 9. cxd3 Bxd3 10. b4 Bxf1 11. bxc5 Ba6 12. e6 f6 {1-0 (41) Orlov,G (2475)-Astaneh Lopez,A (2417) chess.com INT 2017}) 8. Ng3 {The position is equal.} g6 9. Bc4 Bg7 10. O-O O-O 11. Re1 b5 12. Bf1 (12. Bxe6 $5 Bxe6 13. d3 $11) 12... Nd7 13. c3 Nb6 14. d3 c5 15. c4 (15. Ne4 $11) 15... a6 16. Bd2 Nd7 $36 {[%mdl 2048] Black is in control.} 17. Qc1 Qc7 {[%cal Rd7e5]} 18. Bh6 Bb7 {Hoping for ...Bxf3.} 19. Bxg7 Kxg7 20. Ng5 Nxe5 21. Nxe6+ fxe6 22. Qg5 Nf7 23. Qg4 e5 24. Rac1 b4 25. Rc2 Qc8 26. Qh4 Qe6 27. Ne4 Bxe4 28. Qxe4 Qf6 (28... b3 $5 29. axb3 Rab8 $17) 29. Rce2 Rac8 {[%cal Ba8c8,Bc8c6,Bc6f6][%mdl 32]} 30. Qb7 (30. h4 $15) 30... Kh8 (30... Nd6 $17 31. Qd5 e4 $1 {[%mdl 512]} 32. dxe4 e5) 31. Qe4 Kg8 32. Kh1 Rc6 33. Qg4 Kh8 34. h4 (34. Qe4 $142) 34... Qf5 (34... g5 $142 $1 35. h5 Qf4 36. Qxf4 gxf4) 35. Qe4 $17 Qxe4 36. Rxe4 Rf6 37. R1e2 (37. Kg1 $15) 37... Nd6 $19 38. Rxe5 Rxf2 39. Rxf2 Rxf2 {[%mdl 4096] Endgame KRB-KRN} 40. Be2 Nf5 $2 (40... Kg7 $17 41. Kg1 Kf6 42. Kxf2 Kxe5) 41. Kg1 $16 Rf4 42. Rxc5 Rxh4 43. Ra5 Ng3 (43... Rf4 $142) 44. Bf3 h5 (44... Rf4 $16 45. Rxa6 Kg7) 45. Kf2 $1 $18 {[%cal Rf2g3]} (45. Rxa6 $2 Rh1+ 46. Kf2 h4 $19) 45... Nh1+ 46. Ke1 Ng3 47. Rxa6 (47. c5 $18 {is more deadly.}) 47... Rh1+ ({Better is} 47... b3) 48. Kd2 $1 $16 (48. Kf2 $2 h4 $19) 48... b3 49. axb3 {Black must now prevent b4.} Nf1+ 50. Ke2 (50. Kd1 $1 $16) 50... Ng3+ $1 $11 51. Kf2 $2 (51. Kd2 $1 $11 Nf1+ 52. Kd1 (52. Ke2 Ng3+ 53. Kd2 $16)) 51... h4 $19 {[%csl Gg3][%cal Rh1f1]} 52. Be2 Rb1 $2 ({Black should play} 52... Kg7 $1 $19 {...Rc1 is the strong threat.} 53. c5 Rb1) 53. Rxg6 $11 {aiming for Rh6+.} Rxb2 54. Re6 Nxe2 (54... Kg7 $11 {remains equal.} 55. Rxe7+ Kf6) 55. Rxe2 $16 Rxb3 $11 {KR-KR} 56. Rd2 $1 ({Resist} 56. Rxe7 Rxd3 57. Re4 Kg7 $16) 56... Kg7 {[#]} 57. Kf3 $1 Kf6 58. Ke4 e5 $2 {[%mdl 8192]} (58... Rb8 $16 59. Rf2+ (59. Kxd4 e5+ 60. Kc3 Ke6 $16) 59... Ke6) 59. Rf2+ $18 Kg5 60. Rf8 Rc3 61. Rf5+ Kg4 (61... Kg6 $142 62. Rf8 (62. Kxe5 Rxd3 63. Rf2 Rd1 $16) (62. Rxe5 Rc2 $16) 62... Kg5) 62. Rf2 Kg5 63. Rd2 $2 (63. Rf8 Kg6 64. Rh8 (64. Kxe5 Rxd3 65. Rh8 Kg5 $16)) 63... Kf6 64. Kd5 $2 ({White has to play} 64. Rb2 $18) 64... Kf5 $1 $11 65. Rf2+ Kg4 66. Ke4 $2 {[%mdl 8192]} (66. Kxe5 $11 Rxd3 67. Rf8) 66... Kg5 $1 $18 67. Rf8 Kg6 68. Rh8 Kg5 69. Rh7 Rb3 70. Rg7+ Kf6 {[#]} 71. Rg4 $1 Rb2 (71... h3 $142 72. gxh3 Rb1) 72. Rxh4 Rxg2 73. Rh6+ (73. c5 $142 Kg5 74. Rh1) 73... Kg7 (73... Kg5 $142 74. Rh1 Re2+ 75. Kd5 Re3) 74. Re6 Re2+ 75. Kd5 Re3 76. Rxe5 Rxd3 77. Re4 Kf6 78. Rxd4 Rh3 79. Kd6 Rc3 80. c5 {Precision: White = 56%, Black = 48%.} 1-0

[Event "Top 12 FRA-chT 2017"]
[Site "Chartres"]
[Date "2017.05.18"]
[Round "1"]
[White "Moucheroud, Jeremy"]
[Black "Relange, Eloi"]
[Result "0-1"]
[WhiteElo "2197"]
[BlackElo "2464"]
[Annotator "TA"]
[PlyCount "52"]
[EventDate "2017.??.??"]
[EventType "team-tourn"]
[EventCountry "FRA"]
[SourceTitle "playchess.com"]
[Source "ChessBase"]
[SourceQuality "1"]
[WhiteTeam "Montpellier"]
[BlackTeam "Saint Quentin"]

{[%evp 10,52,22,22,29,24,36,25,48,27,29,29,45,17,18,18,31,-84,-39,-36,-52,-55,-27,-158,-127,-157,-159,-421,-408,-414,-400,-403,-402,-406,-378,-377,-368,-368,-368,-377,-341,-803,-781,-947,-885]} 1. e4 c5 2. Nf3 d6 3. d4 cxd4 4. Nxd4 a6 5. Nc3 e6 6. g4 {[%cal Bg2g4,Bg4g5][%mdl 32]} b5 {B54: Sicilian: 2...d6 3 d4 cxd4 4 Nxd4, Unusual Lines} 7. Bg2 Bb7 8. O-O Nd7 {White has an edge.} 9. g5 g6 $146 ({Predecessor:} 9... Ne7 10. f4 b4 11. Nce2 d5 12. e5 g6 13. a3 h6 14. gxh6 bxa3 15. Rxa3 Bxh6 {½-½ (53) Malakhov,I (2442)-Schlosser,P (2602) Pardubice 2013}) 10. f4 b4 11. Nce2 e5 12. Nb3 h6 {[%cal Bh7h6,Bh6g5][%mdl 32]} 13. f5 (13. a3 $14 {stays ahead.}) 13... hxg5 14. fxg6 fxg6 15. Ng3 Be7 16. Qg4 (16. Be3 $11 {remains equal.}) 16... Qb6+ 17. Kh1 {[#]} Ngf6 $1 {[%cal Rf6g4]} 18. Qe6 $2 (18. Qf3 $17 {might work better.}) 18... Nf8 $19 {[%cal Bd7f8,Bf8e6,Be6f4][%mdl 32]} 19. Qc4 Rc8 20. Qe2 Ne6 21. Be3 Qb5 22. Qxb5+ axb5 23. Rfc1 Nf4 24. Nd2 d5 {[%cal Bd6d5,Bd5e4][%mdl 32]} 25. Nf3 $2 {[#]} (25. c3) 25... Ng4 26. Bg1 dxe4 {Precision: White = 39%, Black = 67%.} 0-1

[Event "Top 12 FRA-chT 2017"]
[Site "Chartres"]
[Date "2017.05.18"]
[Round "1"]
[White "Steil-Antoni, Fiona"]
[Black "Battaglini, Gabriel"]
[Result "0-1"]
[WhiteElo "2155"]
[BlackElo "2475"]
[Annotator "TA"]
[PlyCount "65"]
[EventDate "2017.??.??"]
[EventType "team-tourn"]
[EventCountry "FRA"]
[SourceTitle "playchess.com"]
[Source "ChessBase"]
[SourceQuality "1"]
[WhiteTeam "Vandoeuvre"]
[BlackTeam "Tremblay-En-France"]

{[%evp 23,65,0,-7,0,21,12,9,0,0,-8,0,-37,-31,-57,-57,-47,-61,-59,-50,-74,-51,-108,-107,-105,-101,-103,-107,-104,-106,-160,-161,-161,-152,-184,-170,-386,-352,-362,-368,-589,-541,-417,-410,-470]} 1. e4 e6 2. d4 d5 3. Nc3 Nf6 4. Bg5 dxe4 5. Nxe4 Be7 6. Bxf6 gxf6 7. Nf3 f5 8. Nc3 Qd6 {C13: French: Classical System: 4 Bg5 Be7, Alekhine-Chatard Attack} 9. Qe2 a6 10. O-O-O Nd7 11. g3 b5 12. Bg2 Bb7 $1 {LiveBook: 3 Games} 13. Rhg1 $146 (13. d5 $5) ({Predecessor:} 13. Rhe1 b4 14. Na4 Bd5 15. Nc5 Nxc5 16. dxc5 Qxc5 17. Rxd5 Qxd5 {0-1 (28) Erdogdu,M (2439)-Anton Guijarro,D (2616) Gjakova 2016}) 13... b4 14. Na4 O-O-O 15. b3 Bf6 16. Nb2 {White wants to play Nc4.} Qb6 17. Ne5 {[#] And now Nbc4 would win.} Bxg2 18. Rxg2 Bxe5 $1 19. dxe5 Qa5 20. Kb1 Nxe5 21. f4 Nc6 22. Qf3 (22. Nc4 $15 Rxd1+ 23. Qxd1) 22... Rxd1+ $17 23. Qxd1 Rd8 $36 {[%mdl 2048] Keeping White busy.} 24. Rd2 Rxd2 25. Qxd2 Qc5 26. Qe2 (26. Nc4 $142) 26... Qg1+ 27. Nd1 Kb7 28. a4 Ne7 29. c4 $2 {[#]} (29. Qd2 {keeps fighting.}) 29... bxc3 $19 30. Kc2 Nd5 {aiming for ...Qd4.} 31. Nxc3 $2 (31. Qf2 {only move.} Qxf2+ 32. Nxf2) 31... Qc5 32. Qf3 f6 33. Kb2 {Precision: White = 16%, Black = 85%.} 0-1

[Event "Top 12 FRA-chT 2017"]
[Site "Chartres"]
[Date "2017.05.18"]
[Round "1"]
[White "Aflalo, Sophie"]
[Black "Adrian, Claude"]
[Result "0-1"]
[WhiteElo "2135"]
[BlackElo "2234"]
[Annotator "TA"]
[PlyCount "90"]
[EventDate "2017.??.??"]
[EventType "team-tourn"]
[EventCountry "FRA"]
[SourceTitle "playchess.com"]
[Source "ChessBase"]
[SourceQuality "1"]
[WhiteTeam "Tremblay-En-France"]
[BlackTeam "Vandoeuvre"]

{[%evp 17,90,48,38,0,0,0,-7,-20,12,0,7,-15,35,-37,-37,-43,-51,-128,35,23,50,0,0,0,8,-17,-23,-85,-47,-32,-31,-154,-152,-149,-142,-162,-156,-286,-311,-487,-499,-541,-533,-724,-693,-29989,-440,-395,-350,-374,-366,-368,-367,-364,-382,-354,-338,-597,-470,-470,-470,-460,-454,-501,-501,-500,-484,-726,-691,-2302,-1790,-29944,-5381,-12843,-11781]} 1. e4 e6 2. d4 d5 3. Nd2 c5 4. exd5 exd5 5. Ngf3 Nc6 6. Bb5 Bd6 7. O-O Nge7 8. dxc5 Bxc5 9. Nb3 Bb6 10. Bd2 {C09: French Tarrasch: 3...c5 4 exd5 exd5 5 Ngf3 Nc6} (10. h3 O-O 11. Re1 Nf5 12. Bd3 Qd6 13. c3 Bd7 14. Qc2 g6 15. Bg5 Rfe8 16. Rad1 Rxe1+ 17. Rxe1 Rc8 18. Qd2 {1-0 (46) Karjakin,S (2771)-Fedoseev,V (2662) Dubai 2014}) 10... O-O 11. Bc3 Qd6 $146 ({Predecessor:} 11... Bf5 12. Re1 Be4 13. Bd3 Bxd3 14. Qxd3 Qd7 15. Rad1 Rad8 16. g3 h6 17. Nbd4 Rfe8 {1-0 (41) Vogt,L (2450)-Casper,T Meissen 1975}) 12. Qd2 {The position is equal.} Bf5 13. Rad1 Rad8 14. Nfd4 Bc7 {[%csl Gc7][%cal Rd6h2]} 15. f4 ({White should play} 15. g3 $14 Bg6 16. Rfe1) 15... Be4 $15 16. Kh1 Qh6 $36 {[%mdl 2048] Black is more active.} 17. Nc5 (17. Bd3 $15) 17... Ng6 $2 (17... Nxd4 $17 18. Bxd4 Nf5) 18. Nxe4 dxe4 19. g3 Nge7 {[%cal Bg6e7,Be7f5,Bf5g3][%mdl 32] Hoping for ...Nxd4.} 20. Qg2 Nxd4 21. Bxd4 Nf5 22. Bc5 (22. Bg1 $11) 22... Rxd1 23. Rxd1 Qh5 24. g4 {[#]} ({White has to play} 24. Rg1 $15 Rd8 25. Be2) 24... Ng3+ $1 $17 {[%mdl 512]} 25. Qxg3 Qxc5 26. Ba4 g5 $1 {[%cal Rg5f4]} 27. Qg2 (27. Qc3 $17 Qf2 28. Qg3) 27... Qb4 $19 ({Not} 27... Bxf4 28. Qxe4 Qf2 29. Qg2 $15) 28. Bd7 (28. Bb3 {was worth a try.} gxf4 29. Qf2) 28... Rd8 $1 29. fxg5 Qe7 30. Qd2 e3 31. Qd3 e2 (31... Rxd7 $142 32. Rf1 Qe5 $1 {[%mdl 512]} 33. Kg2 e2 34. Rg1 e1=Q 35. Rxe1 Qxh2+ 36. Kf3 Qg3+ 37. Ke2 Re7+ 38. Qe4 Rxe4+ 39. Kd2 Qxe1+ 40. Kd3 Qe3#) 32. Re1 Qxd7 33. Qxd7 Rxd7 34. Rxe2 {[%mdl 4096] Endgame KRB-KR} Bf4 35. h4 Rd1+ 36. Kg2 Rd2 37. Kf2 $2 (37. Rxd2 Bxd2 38. Kf2) 37... Rxe2+ 38. Kxe2 {KB-KP} Bg3 39. h5 Bf4 40. Kf3 Bxg5 41. Ke4 Kg7 42. Ke5 (42. Kf5 $142 h6 43. b3) 42... Bf6+ 43. Kd6 Bxb2 44. c4 Kf6 (44... Kh6 $142 45. Ke7 {[#]} f5 $1 {[%mdl 512]} 46. gxf5 Kxh5 47. f6 Kg4 48. f7 h5 49. Ke8 Ba3 50. f8=Q Bxf8 51. Kxf8 h4 52. Kf7 h3 53. Kf6 h2 54. Ke5 h1=Q 55. Ke6 Qc6+ 56. Ke5 Qxc4 57. a4 Kg5 58. a5 a6 59. Kd6 Kf6 60. Kd7 Qc5 61. Kd8 Ke6 62. Ke8 Qe7#) 45. Kc7 Kg5 {Precision: White = 18%, Black = 70%.} 0-1

[Event "Top 12 FRA-chT 2017"]
[Site "Chartres"]
[Date "2017.05.18"]
[Round "1"]
[White "De Seroux, Camille"]
[Black "Guichard, Pauline"]
[Result "0-1"]
[WhiteElo "2117"]
[BlackElo "2312"]
[Annotator "TA"]
[PlyCount "89"]
[EventDate "2017.??.??"]
[EventType "team-tourn"]
[EventCountry "FRA"]
[SourceTitle "playchess.com"]
[Source "ChessBase"]
[SourceQuality "1"]
[WhiteTeam "Grasse Echecs"]
[BlackTeam "Clichy"]

{[%evp 11,89,6,17,0,9,25,38,-12,112,108,117,28,26,14,39,38,35,27,27,23,22,0,31,41,150,150,164,160,167,155,152,150,141,99,98,100,129,130,154,151,149,92,107,88,100,85,152,152,150,149,152,152,152,152,152,145,147,139,135,132,103,95,178,8,170,88,3971,4288,5558,5405,5316,5297,4718,2424,5255,5157,4614,1374,5081,5073]} 1. d4 Nf6 2. Nf3 d5 3. Bf4 c5 4. e3 Nc6 5. Nbd2 cxd4 (5... e6 6. c3 cxd4 7. exd4 Nh5 8. Bg5 f6 9. Be3 Bd6 10. g3 O-O 11. Bg2 f5 12. Ne5 f4 13. Qxh5 fxe3 14. fxe3 Nxe5 15. dxe5 {½-½ (56) Giri,A (2771)-So,W (2794) London 2016}) 6. exd4 {D02: 1 d4 d5 2 Nf3 sidelines, including 2...Nf6 3 g3 and 2...Nf6 3 Bf4} Bf5 {LiveBook: 32 Games} 7. Bb5 Qb6 8. c4 {The position is equal.} a6 9. Ba4 $146 (9. Bxc6+ $5 bxc6 10. Qb3 Qxb3 11. axb3 $14) ({Predecessor:} 9. Bxc6+ bxc6 10. O-O e6 11. Ne5 Nd7 12. c5 Qxb2 13. Nxc6 {0-1 (50) Dhulipalla,B (2316)-Bakre,T (2450) Lucknow 2016}) 9... Rc8 (9... Qxb2 $11 {remains equal.} 10. Bxc6+ bxc6) 10. O-O $16 e6 11. Qb3 (11. c5 $1 $16 {[%cal Rc5b6]} Qb4 12. Re1) 11... Qxb3 $11 12. axb3 Bb4 (12... Nh5 $5 {[%cal Rh5f4]} 13. Be3 Bd6 $14) 13. Ne5 a5 14. Ndf3 $36 {[%mdl 2048] White is pushing.} O-O 15. Bxc6 bxc6 16. c5 Rfd8 17. Bd2 Nd7 (17... Bxd2 $1 $14 18. Nxd2 Ne4 19. Nxe4 Bxe4) 18. Bxb4 $16 axb4 19. Ra7 Nxe5 20. Nxe5 f6 21. Nf7 Ra8 22. Nxd8 Rxa7 23. Nxc6 {[%mdl 4096] Endgame KRB-KRN} Rc7 24. Nxb4 Rb7 25. Nc6 {b4 is the strong threat.} Rxb3 26. Ne7+ (26. Ra1 $142) 26... Kf7 27. Nxf5 exf5 {KR-KR} 28. Rb1 $1 Rb4 ({Black should try} 28... h5) 29. Kf1 $1 Rxd4 30. b4 $1 {[%cal Bb2b4,Bb4b5,Bb5b6,Bb6b7][%mdl 32] Hoping for b5.} Rc4 31. b5 Rxc5 32. b6 {And now b7 would win.} Rc8 33. Ke2 {[%mdl 1024] White has strong compensation.} ({Stronger than} 33. b7 Rb8 $11) 33... Rb8 34. Kd3 Ke6 35. Kd4 Kd6 36. b7 $1 Kc6 (36... f4 $16 {was worth a try.}) 37. Rb2 $2 ({White should play} 37. f4 $18) 37... Kd6 $2 {[#]} (37... Rxb7 38. Rxb7 Kxb7 39. Kxd5 $18) (37... f4 $1 $11 {and Black has nothing to worry.}) 38. h4 (38. f4 $1 $18) 38... h5 $2 {[%mdl 8192]} (38... f4 $16) 39. f4 $18 {White is clearly winning.} Kc6 40. Rb3 Kd6 41. Rb5 Kc6 42. Rc5+ Kd6 43. Rxd5+ Kc6 {[#]} 44. Rc5+ $1 Kb6 45. Kc4 {[%mdl 32768] Precision: White = 68%, Black = 23%. . Sensor Board Error (Ke4/e5)?} ({Weaker is} 45. Rxf5 Rxb7 46. Rxh5 Re7 $16) 0-1

[Event "Top 12 FRA-chT 2017"]
[Site "Chartres"]
[Date "2017.05.18"]
[Round "1"]
[White "Haussernot, Cecile"]
[Black "Maisuradze, Nino"]
[Result "0-1"]
[WhiteElo "2099"]
[BlackElo "2260"]
[Annotator "TA"]
[PlyCount "66"]
[EventDate "2017.??.??"]
[EventType "team-tourn"]
[EventCountry "FRA"]
[SourceTitle "playchess.com"]
[Source "ChessBase"]
[SourceQuality "1"]
[WhiteTeam "Mulhouse Philidor"]
[BlackTeam "Bischwiller"]

{[%evp 9,66,33,47,46,45,37,54,43,92,89,83,76,80,80,72,72,82,76,70,24,41,38,66,57,69,81,100,17,0,18,79,74,85,77,126,-47,86,-28,-28,-28,-42,-185,-216,-218,-198,-690,-696,-1022,-532,-529,-493,-1147,-1027,-29992,-29993,-29993,-29994,-29997,-29993]} 1. e4 c5 2. Nf3 {[%cal Bg1f3,Bf3d4,Bd4f5][%mdl 32]} e6 3. d4 cxd4 4. Nxd4 a6 5. Bd3 e5 (5... Ne7 6. O-O Nec6 7. Be3 Nxd4 8. Bxd4 Nc6 9. Be3 Be7 10. Nd2 O-O 11. c3 b5 12. f4 Bb7 13. Nf3 Na5 14. b3 Qc7 {½-½ (69) Giri,A (2785)-Artemiev,V (2682) Sochi 2017}) 6. Nf5 {B42: Sicilian: Kan Variation: 5 Bd3} g6 7. Ne3 d6 $146 ({Predecessor:} 7... Nf6 8. O-O d6 9. Nc3 Be6 10. f4 exf4 11. Ned5 g5 12. g3 Bxd5 13. Nxd5 Nxd5 14. exd5 {0-1 (41) Langer,M (2206)-Orton,W (2149) Stillwater 2011}) 8. Nc3 {White is slightly better.} Ne7 9. Bc4 {Black must now prevent Qf3.} Bg7 10. Ned5 Nxd5 11. Nxd5 Be6 12. h4 h6 13. Be3 Nd7 14. b4 (14. Qe2 {seems wilder.} b5 15. Bb3 Nc5 16. O-O-O O-O 17. h5) 14... O-O 15. Qd2 Kh7 16. O-O-O b5 17. Bb3 Re8 18. g3 (18. Kb1 $16) 18... Bg4 $11 19. Rde1 (19. h5 $5 g5 20. Rdf1 $11) 19... Rc8 {[#]} (19... Bf3 $11 {keeps the balance.}) 20. f3 $1 $16 {[%cal Rf3g4]} Be6 21. Rd1 f5 {[#]} 22. Rdf1 $2 ({Better is} 22. exf5 $1 $16 gxf5 23. Rhf1) 22... a5 (22... f4 $15 {keeps the upper hand.} 23. gxf4 Bxd5 24. Qxd5 exf4 25. Bxf4 Qf6) 23. exf5 (23. bxa5 $16 {And now h5 would win.} Bxd5 24. Bxd5) 23... gxf5 $11 {aiming for ...a4.} 24. bxa5 Nc5 25. Rd1 (25. g4 $15) 25... e4 $19 {[%cal Be5e4,Be4f3][%mdl 32]} 26. Kb1 exf3 27. Bxc5 $2 (27. Bd4 Ne4 28. Qf4 Qxa5 29. Qxf3) 27... Rxc5 28. Qd3 {[#]} Rxd5 $1 {[%mdl 512]} 29. Bxd5 Qf6 {[%csl Gg7][%cal Rf6b2]} 30. c3 (30. Qd4 $142 Qxd4 31. Rxd4 Bxd4 32. Bxf3) 30... Bxd5 31. Qxd5 Qxc3 {[%csl Gg7][%cal Rc3b2] Black mates.} 32. Qxf5+ Kh8 {[%csl Gg7][%cal Rc3b2]} 33. Rh2 Re2 {Precision: White = 36%, Black = 44%.} 0-1